Management (Record no. 33419)
[ view plain ]
| 000 -LEADER | |
|---|---|
| fixed length control field | 00435nam a22001817a 4500 |
| 005 - DATE AND TIME OF LATEST TRANSACTION | |
| control field | 20230904175358.0 |
| 008 - FIXED-LENGTH DATA ELEMENTS--GENERAL INFORMATION | |
| fixed length control field | 230904b |||||||| |||| 00| 0 eng d |
| 082 ## - DEWEY DECIMAL CLASSIFICATION NUMBER | |
| Classification number | 658 |
| Item number | WEI-H |
| 100 ## - MAIN ENTRY--AUTHOR | |
| Author Name | Weihrich,Heinz |
| 245 ## - TITLE STATEMENT | |
| Title | Management |
| Remainder of title | A Global and Enterpreneurial Perespective |
| 250 ## - EDITION STATEMENT | |
| Edition statement | 13.ed. |
| 260 ## - PUBLICATION, DISTRIBUTION, ETC. | |
| Place of Publication | USA |
| 300 ## - PHYSICAL DESCRIPTION | |
| Pages | 537 |
| 500 ## - GENERAL NOTE | |
| General note | Include index |
| 650 ## - SUBJECT ADDED ENTRY--TOPICAL TERM | |
| Subject / Department | management |
| 700 ## - ADDED ENTRY--PERSONAL NAME | |
| Personal name | Heinz Weihrich |
| 952 ## - LOCATION AND ITEM INFORMATION (KOHA) | |
| -- | 0 |
| -- | 0 |
| Lost status | Damaged status | Permanent Location | Current Location | Shelving Location | Date acquired | Full Call Number | Accession No./Barcode | Date last seen | item type |
|---|---|---|---|---|---|---|---|---|---|
| Superior Information Resource Center (SIRC) Superior University- Central Library | Superior Information Resource Center (SIRC) Superior University- Central Library | Management | 09/04/2023 | 658 WEI-M | 20324 | 09/04/2023 | BOOK |
